000
00250nam a22001217a 4500
082
_a
823
_b
BUN/T
100
_a
BUNYAN,JOHN
245
_a
THE PILGRIM'S PROGRESS
260
_b
BPI INDIA PVT.LTD.
_c
2018
300
_a
298
650
_a
STORY
942
_c
BK
999
_c
7214
_d
7214